| 000 | 00897cam a2200253u 4500 | ||
|---|---|---|---|
| 001 | 10511756 | ||
| 003 | OSt | ||
| 005 | 20110722145014.0 | ||
| 008 | 850306s1958 enk 000 0aeng | ||
| 010 | _aunk84235632 | ||
| 040 |
_aDLC _cCarP _dDLC |
||
| 050 | 0 | 0 |
_aKD7869 _b.R87 1958 |
| 082 | _a345.02 RUS | ||
| 100 | 1 |
_aRussell, William Oldnall, _cSir, _d1785-1833. _9861 |
|
| 245 | 0 | 0 | _aRussell on crime. |
| 250 | _a11th ed. | ||
| 260 |
_aLondon, _bStevens, _c1958. |
||
| 300 |
_a2 v. (1843 p.) _bcm. |
||
| 906 |
_a0 _bcbc _cpremunv _du _encip _f19 _gy-gencatlg |
||
| 942 |
_2ddc _cBK |
||
| 999 |
_c287 _d287 |
||